[Event "AUTO-ADV-3962"]
[Site "http://www.queenalice.com/game.php?id=1510897"]
[Date "2018.1.7"]
[Round "1"]
[White "Champignac"]
[Black "Givanildo"]
[Result "1-0"]
[WhiteElo "1965"]
[BlackElo "1742"]

1. e4 d5 2. e5 Bf5 3. Nf3 e6 4. d4 a6 5. Be2 Qe7 6. a3 Nc6 7. O-O Bg4 8. c3 Bxf3
9. Bxf3 h6 10. Nd2 Qd7 11. Nb3 Be7 12. Be3 b6 13. Nd2 b5 14. b3 a5 15. c4 b4 16.
cxd5 exd5 17. a4 Bd8 18. Bg4 Qxg4 19. Qxg4 Nge7 20. Nf3 Ng6 21. Rac1 h5 22. Qg3
Be7 23. Rxc6 h4 24. Qg4 h3 25. Rxc7 O-O 26. gxh3 f5 27. Qxg6 Rf7 28. Ng5 Raf8
29. Qh7# 1-0

[Event "AUTO-ADV-3962"]
[Site "http://www.queenalice.com/game.php?id=1510898"]
[Date "2018.1.7"]
[Round "1"]
[White "Givanildo"]
[Black "Champignac"]
[Result "0-1"]
[WhiteElo "1733"]
[BlackElo "1953"]

1. e3 e5 2. d4 e4 3. Qg4 Nf6 4. Qf5 d5 5. Qe5+ Be7 6. Bd2 O-O 7. Be2 h6 8. Bh5
Bd6 9. Bb4 Bxe5 10. dxe5 Nxh5 11. Bxf8 Kxf8 12. Ne2 Qg5 13. f4 Qh4+ 14. g3 Qg4
15. Nd2 g6 16. Rg1 b6 17. Rg2 Ba6 18. b3 Nc6 19. c4 dxc4 20. bxc4 Nb4 21. Rb1
Nc2+ 22. Kf2 Bxc4 23. Nxc4 Qf3+ 24. Kg1 Ng7 25. Rf1 Qg4 26. Nd2 Nxe3 27. Rff2
Nxg2 28. Rxg2 e3 29. Ne4 Rd8 30. Nf6 Rd1# 0-1

[Event "Challenge"]
[Site "http://www.queenalice.com/game.php?id=1511090"]
[Date "2018.1.8"]
[Round "-"]
[White "WLAO"]
[Black "Champignac"]
[Result "0-1"]
[WhiteElo "1686"]
[BlackElo "1960"]

1. b3 e5 2. d3 d5 3. Bb2 Nc6 4. e3 Nf6 5. a3 Bc5 6. b4 Bd6 7. d4 e4 8. Bb5 O-O
9. Bxc6 bxc6 10. Ne2 Bg4 11. O-O h6 12. Nd2 Nh7 13. c3 Qh4 14. Qe1 Qxh2# 0-1

[Event "AUTO-ADV-3878"]
[Site "http://www.queenalice.com/game.php?id=1512798"]
[Date "2018.1.22"]
[Round "2"]
[White "rafaelp"]
[Black "Champignac"]
[Result "1-0"]
[WhiteElo "2162"]
[BlackElo "1918"]

1. e4 e5 2. Nf3 Nc6 3. Nc3 Nf6 4. Be2 Bc5 5. O-O O-O 6. a4 d5 7. exd5 Nxd5 8.
Nxd5 Qxd5 9. d3 b6 10. Bg5 f6 11. Bd2 Ne7 12. b3 Nf5 13. d4 Kh8 14. dxc5 Qxc5
15. Bd3 Be6 16. Qe1 Nd4 17. Bb4 Nxf3+ 18. gxf3 1-0

[Event "AUTO-ADV-3878"]
[Site "http://www.queenalice.com/game.php?id=1512799"]
[Date "2018.1.22"]
[Round "2"]
[White "Champignac"]
[Black "rafaelp"]
[Result "0-1"]
[WhiteElo "1912"]
[BlackElo "2168"]

1. e4 e5 2. Nf3 Nc6 3. Bc4 Nf6 4. Nc3 h6 5. d3 Bb4 6. Bd2 Bxc3 7. Bxc3 d6 8. O-O
O-O 9. Nh4 Nxe4 10. dxe4 Qxh4 11. f3 Qg5 12. Rf2 a5 13. Bd2 Qf6 14. f4 b6 15.
fxe5 Qxe5 16. Bc3 Qxe4 17. Bd3 Qg4 18. Rf3 Ne5 19. Bxe5 dxe5 20. Rg3 Qd4+ 21.
Kh1 Qxb2 22. Rb1 Qxa2 23. c4 Qf2 24. Qh5 Qf6 25. Rf3 Qg5 26. Qxg5 hxg5 27. Be4
Rb8 28. c5 Bg4 29. Rfb3 Rfd8 30. cxb6 cxb6 31. h3 Be6 32. Rb5 f6 33. Rxb6 Rxb6
34. Rxb6 Bd5 35. Bg6 a4 36. Rb5 Bb3 37. Ra5 Kf8 38. Ra7 Rd1+ 39. Kh2 Ra1 40.
Ra8+ Ke7 41. Re8+ Kd6 42. Rd8+ Kc7 43. Rd3 Kc6 44. Be8+ Kc5 45. Rd7 a3 46. Rc7+
Kb4 47. Rxg7 a2 48. Ra7 Rf1 49. Rb7+ Kc3 0-1

[Event "AUTO-ADV-3945"]
[Site "http://www.queenalice.com/game.php?id=1515343"]
[Date "2018.2.10"]
[Round "2"]
[White "Champignac"]
[Black "Pin"]
[Result "0-1"]
[WhiteElo "1932"]
[BlackElo "1897"]

1. e4 g6 2. d4 Bg7 3. e5 c5 4. c3 cxd4 5. cxd4 d6 6. Nf3 dxe5 7. Nc3 exd4 8. Ne4
Nc6 9. Bc4 Nf6 10. Bd3 O-O 11. O-O e5 12. b3 Nxe4 13. Bxe4 f5 14. Bd5+ Qxd5 15.
Ng5 e4 16. Bb2 h6 17. Nh3 f4 18. Ba3 Rf5 19. Re1 d3 20. Rb1 Be5 21. Qg4 Rg5 22.
Qh4 Bxh3 23. Qxh3 Kg7 24. g3 fxg3 25. hxg3 Nd4 26. Kf1 Nc2 27. Be7 Rh5 28. Qg2
Re8 29. Rxe4 Rxe7 30. Rh4 Qxg2+ 31. Kxg2 Rxh4 32. gxh4 Bc3 33. Rd1 d2 34. Kf1
Re1+ 0-1

[Event "AUTO-ADV-3945"]
[Site "http://www.queenalice.com/game.php?id=1515344"]
[Date "2018.2.10"]
[Round "2"]
[White "Pin"]
[Black "Champignac"]
[Result "1/2-1/2"]
[WhiteElo "1950"]
[BlackElo "1919"]

1. e4 e5 2. f4 d5 3. exd5 Qxd5 4. Nc3 Qd6 5. fxe5 Qxe5+ 6. Be2 Bc5 7. Nf3 Qe6 8.
d3 Nf6 9. Bg5 O-O 10. Qd2 Ng4 11. Ne4 Bf2+ 12. Nxf2 Nxf2 13. Kxf2 f6 14. Bh4
Qb6+ 15. d4 Qxb2 16. Bc4+ Kh8 17. Rae1 Qa3 18. Bxf6 gxf6 19. Qh6 Bf5 20. Re3 Qd6
21. Rhe1 Nc6 22. d5 Ne5 23. Nxe5 fxe5 24. Qxd6 cxd6 25. Kg1 Bxc2 26. R3e2 Bg6
27. Bb5 Rad8 28. h3 a6 29. Ba4 b5 30. Bb3 a5 31. a3 a4 32. Ba2 Rc8 33. Re3 Rc2
34. Bb1 Rd2 35. Bxg6 hxg6 36. R1e2 Rxd5 37. g4 Kg7 38. Kg2 Rf4 39. Kg3 g5 40.
Rc2 Kf6 41. Rb2 Rc5 42. Rd2 d5 43. Red3 d4 44. Kg2 Rc4 45. Kg3 e4 46. Rxd4 Rc3+
47. Kg2 Rxa3 48. Rd6+ Kg7 49. Rd7+ Rf7 50. R7d5 Kg6 51. Rxb5 Raf3 52. Rb6+ Kg7
53. Ra6 a3 54. Ra2 e3 55. R6xa3 e2 56. Rxf3 e1=Q 57. Rxf7+ Kxf7 58. Rf2+ Kg6 59.
Rf1 Qd2+ 60. Rf2 Qd5+ 61. Kg3 Qd1 62. Kg2 Qe1 63. Rf1 Qc3 1/2-1/2

[Event "AUTO-ADV-3945"]
[Site "http://www.queenalice.com/game.php?id=1515345"]
[Date "2018.2.10"]
[Round "2"]
[White "Champignac"]
[Black "luizantoniosetti"]
[Result "0-1"]
[WhiteElo "1942"]
[BlackElo "2098"]

1. e4 e6 2. d4 d5 3. e5 c5 4. Nf3 Nc6 5. c3 Bd7 6. Be2 Nge7 7. O-O Nf5 8. b3
cxd4 9. cxd4 Qb6 10. Nc3 Nfxd4 11. Nxd4 Qxd4 12. Qxd4 Nxd4 13. Bg4 h5 14. Bh3
Rc8 15. Bb2 Rxc3 16. Bxc3 Ne2+ 17. Kh1 Nxc3 18. Rfc1 d4 19. Rc2 Ba3 20. Rd2 Ne4
21. Rc2 d3 22. Rc7 Nxf2+ 23. Kg1 Nxh3+ 24. gxh3 Bb2 25. Rd1 Bxe5 26. Rxb7 Bc6
27. Rxa7 Bd4+ 28. Kf1 Bxa7 29. a4 Be4 30. b4 O-O 31. b5 Rb8 32. Ke1 f5 0-1

[Event "AUTO-ADV-3945"]
[Site "http://www.queenalice.com/game.php?id=1515346"]
[Date "2018.2.10"]
[Round "2"]
[White "luizantoniosetti"]
[Black "Champignac"]
[Result "1-0"]
[WhiteElo "2088"]
[BlackElo "1938"]

1. e4 e5 2. Nf3 Nc6 3. Bc4 Bc5 4. c3 Nf6 5. d4 Bd6 6. O-O O-O 7. Nbd2 Qe7 8. Re1
b6 9. Nf1 a6 10. b4 Bb7 11. Ng3 Rab8 12. Nf5 Qd8 13. a4 Ne7 14. Nxd6 cxd6 15.
dxe5 dxe5 16. Nxe5 d6 17. Nxf7 Rxf7 18. Bxf7+ Kxf7 19. Bf4 Nxe4 20. Qb3+ Kf8 21.
Rad1 Rc8 22. c4 Nf5 23. f3 Ng5 24. c5 Nf7 25. Qe6 N5h6 26. Bxd6+ Kg8 27. Bf4 Qf8
28. Qxb6 Nd8 29. Bg5 Nhf7 30. Be7 Qe8 31. Bxd8 1-0

[Event "AUTO-ADV-3945"]
[Site "http://www.queenalice.com/game.php?id=1515347"]
[Date "2018.2.10"]
[Round "2"]
[White "Champignac"]
[Black "maurice91"]
[Result "1-0"]
[WhiteElo "1928"]
[BlackElo "1887"]

1. e4 c6 2. d4 d5 3. e5 Bf5 4. Nf3 e6 5. Be2 c5 6. c3 Nc6 7. O-O h6 8. Nbd2 Rc8
9. b3 cxd4 10. cxd4 Bb4 11. a3 Bc3 12. Rb1 Bxb1 13. Nxb1 Nge7 14. Nxc3 Nf5 15.
Na4 b6 16. b4 O-O 17. Be3 Nxe3 18. fxe3 a6 19. Bxa6 Rb8 20. Bb5 Na7 21. Bd3 Qd7
22. Nc3 Rfc8 23. Ne2 Qe7 24. Ng3 g6 25. Ne1 Kg7 26. Qg4 Rc3 27. Nh5+ Kh7 28. Nf4
Rg8 29. Nf3 Nc6 30. b5 Nd8 31. Bb1 Rxe3 32. Nh5 Rg7 33. Nf6+ Kh8 34. Qf4 Rxa3
35. Qxh6+ 1-0

[Event "AUTO-ADV-3945"]
[Site "http://www.queenalice.com/game.php?id=1515348"]
[Date "2018.2.10"]
[Round "2"]
[White "maurice91"]
[Black "Champignac"]
[Result "0-1"]
[WhiteElo "1891"]
[BlackElo "1946"]

1. d4 d5 2. c4 c6 3. Nc3 e6 4. e4 Bb4 5. Bd3 Ne7 6. Qe2 O-O 7. Be3 Nd7 8. cxd5
cxd5 9. Nf3 b6 10. O-O Bb7 11. exd5 Nxd5 12. Nxd5 exd5 13. a3 Bd6 14. Rac1 Re8
15. Qc2 Nf6 16. Ng5 g6 17. h4 Re7 18. Nf3 Rc7 19. Qd2 Rac8 20. Bg5 Kg7 21. Ne5
Be7 22. g4 Ne4 23. Bxe4 dxe4 24. Rxc7 Rxc7 25. Bxe7 Rxe7 26. Rd1 Qd5 27. g5 e3
28. Qxe3 Qh1# 0-1

[Event "AUTO-OPEN-3516"]
[Site "http://www.queenalice.com/game.php?id=1517039"]
[Date "2018.2.22"]
[Round "3"]
[White "Champignac"]
[Black "Licaon86"]
[Result "0-1"]
[WhiteElo "1920"]
[BlackElo "2319"]

1. e4 e6 2. d4 d5 3. e5 c5 4. c3 Nc6 5. Nf3 Qb6 6. Be2 cxd4 7. cxd4 Nh6 8. O-O
Nf5 9. Nc3 Nfxd4 10. Be3 Nxf3+ 11. Bxf3 Qd8 12. Bf4 Be7 13. Nb5 O-O 14. a3 a6
15. Nd6 Nxe5 16. Bxe5 Bxd6 17. Bc3 Be7 18. Qd4 Bf6 19. Qg4 Bxc3 20. bxc3 b5 21.
Be2 Bb7 22. Qh3 Qf6 23. Bd3 g6 24. Be2 Rac8 25. Rac1 Rc7 26. Rc2 Rfc8 27. Rfc1
d4 28. c4 bxc4 29. Bxc4 Be4 30. Bd3 Rxc2 31. Rxc2 Rxc2 32. Bxc2 Bxc2 33. g3 d3
34. Qh6 Qf3 0-1

[Event "AUTO-OPEN-3516"]
[Site "http://www.queenalice.com/game.php?id=1517040"]
[Date "2018.2.22"]
[Round "3"]
[White "Licaon86"]
[Black "Champignac"]
[Result "1-0"]
[WhiteElo "2318"]
[BlackElo "1915"]

1. c4 c5 2. Nc3 Nc6 3. g3 f5 4. Bg2 Nf6 5. e3 e6 6. Nge2 Be7 7. d4 O-O 8. d5
exd5 9. cxd5 Nb4 10. d6 Bxd6 11. a3 Bxg3 12. hxg3 Nc6 13. Nd5 Ne5 14. b4 c4 15.
O-O Nfg4 16. Nef4 g5 17. Nh3 Rb8 18. Qd4 d6 19. Bb2 b5 20. f4 gxf4 21. exf4 Nd3
22. Qg7# 1-0

[Event "Challenge"]
[Site "http://www.queenalice.com/game.php?id=1517802"]
[Date "2018.2.28"]
[Round "-"]
[White "LYUSS"]
[Black "Champignac"]
[Result "1-0"]
[WhiteElo "1723"]
[BlackElo "1912"]

1. e4 e5 2. Nc3 Nf6 3. Nf3 Bc5 4. Bc4 O-O 5. Na4 Be7 6. d3 d6 7. h3 c6 8. Bb3 b5
9. Nc3 a5 10. a4 b4 11. Ne2 h6 12. g4 Nh7 13. h4 Na6 14. d4 Bxg4 15. Neg1 exd4
16. Qxd4 c5 17. Qc4 Nc7 18. e5 dxe5 19. Qxg4 Qd6 20. c4 Ne6 21. Bxh6 f5 22. Qg2
Rf6 23. Bg5 Nf4 24. Bxf4 exf4 25. Rd1 Qc7 26. Rd5 Re8 27. Re5 Qc6 28. Ne2 Bd8
29. Rxe8+ Qxe8 30. h5 Rh6 31. Bc2 Qe6 32. Kf1 Qxc4 33. Bxf5 Nf6 34. Ng5 Qb3 35.
Be6+ 1-0

[Event "Challenge"]
[Site "http://www.queenalice.com/game.php?id=1518296"]
[Date "2018.3.4"]
[Round "-"]
[White "WLAO"]
[Black "Champignac"]
[Result "0-1"]
[WhiteElo "1661"]
[BlackElo "1913"]

1. b3 e5 2. e4 Nf6 3. d3 Be7 4. Nf3 d6 5. Bg5 h6 6. Bxf6 Bxf6 7. g3 Nc6 8. Bg2
Ne7 9. a4 c6 10. Nbd2 O-O 11. O-O b6 12. Nc4 b5 13. axb5 cxb5 14. Ncd2 Bb7 15.
c4 a6 16. cxb5 axb5 17. Rxa8 Bxa8 18. b4 Qb6 19. Nb3 Nc6 20. Qc2 Nd4 21. Nbxd4
exd4 22. Re1 Bb7 23. e5 dxe5 24. Qd2 Re8 25. Qa2 Qc6 26. Qe2 Qd6 27. Rb1 Bd8 28.
Nh4 Bxh4 29. Bxb7 Qg6 30. Bg2 Be7 31. Qxe5 Qxd3 32. Re1 Qc4 33. Bd5 Qxb4 34. Qe6
fxe6 35. Bxe6+ Kf8 36. Re4 Qb1+ 37. Kg2 Qxe4+ 38. f3 Qxe6 39. h4 h5 40. f4 Rc8
41. Kf3 Qe3+ 42. Kg2 Rc2+ 43. Kh3 Qg1 44. f5 Qh1# 0-1

[Event "AUTO-OPEN-4161"]
[Site "http://www.queenalice.com/game.php?id=1607559"]
[Date "2020.4.14"]
[Round "1"]
[White "Champignac"]
[Black "dan2015"]
[Result "1-0"]
[WhiteElo "1854"]
[BlackElo "1254"]

1. Nc3 d5 2. e3 Nf6 3. Nf3 a6 4. Be2 Nc6 5. O-O e5 6. a3 h6 7. d4 e4 8. Nd2 h5
9. g3 h4 10. g4 Bxg4 11. Bxg4 Nxg4 12. Qxg4 Rh6 13. Kh1 g6 14. Rg1 f5 15. Qh3
Qf6 16. f4 O-O-O 17. Na4 Bd6 18. b4 b5 19. Nc5 Be7 20. Ndb3 Bxc5 21. Nxc5 Ne7
22. Nxa6 Qxa6 23. Bb2 Rd6 24. c3 Qa4 25. Qf1 Qc2 26. Rg2 Qd3 27. Qf2 Ng8 28. h3
Rh7 29. a4 Ne7 30. a5 1-0

[Event "AUTO-OPEN-4161"]
[Site "http://www.queenalice.com/game.php?id=1607560"]
[Date "2020.4.14"]
[Round "1"]
[White "dan2015"]
[Black "Champignac"]
[Result "0-1"]
[WhiteElo "1469"]
[BlackElo "1858"]

1. e4 d6 2. d4 b6 3. Bc4 Bb7 4. Nc3 Nf6 5. Qf3 e6 6. e5 Bxf3 7. Nxf3 d5 8. Bb5+
c6 9. Ba4 Bb4 10. O-O Nfd7 0-1

[Event "AUTO-OPEN-4161"]
[Site "http://www.queenalice.com/game.php?id=1607561"]
[Date "2020.4.14"]
[Round "1"]
[White "Champignac"]
[Black "Richardlim"]
[Result "0-1"]
[WhiteElo "1856"]
[BlackElo "2087"]

1. Nf3 d5 2. d4 Nf6 3. Nc3 e6 4. Bg5 Nbd7 5. e3 Bb4 6. Be2 O-O 7. O-O c5 8. Ne5
c4 9. Na4 b6 10. a3 Bd6 11. f4 Bb7 12. b4 cxb3 13. cxb3 Be7 14. Bd3 Nxe5 15.
fxe5 Ne4 16. Bxe7 Qxe7 17. Bxe4 dxe4 18. Nb2 b5 19. a4 a6 20. Rc1 Qg5 21. Rf4
Rab8 22. Qe2 Rfc8 23. Rcf1 Rf8 24. Rg4 Qe7 25. axb5 axb5 26. Qxb5 Bd5 27. Qe2
Rxb3 28. Na4 Qb4 29. Ra1 Bc4 30. Nc5 Bxe2 0-1

[Event "AUTO-OPEN-4161"]
[Site "http://www.queenalice.com/game.php?id=1607562"]
[Date "2020.4.14"]
[Round "1"]
[White "Richardlim"]
[Black "Champignac"]
[Result "1-0"]
[WhiteElo "2078"]
[BlackElo "1844"]

1. c4 e5 2. Nc3 Nf6 3. d3 c6 4. Nf3 d6 5. h3 Be7 6. e4 b6 7. Be2 O-O 8. O-O Nh5
9. Qc2 Nf4 10. Bxf4 exf4 11. e5 dxe5 12. Nxe5 Bd6 13. Nf3 Nd7 14. Ne4 Bc7 15.
Qc3 f6 16. Nd4 Bb7 17. Ne6 Qc8 18. Nxf8 Nxf8 19. Bf3 Qd8 20. d4 Ne6 21. Rfd1 Qe7
22. d5 cxd5 23. cxd5 Be5 24. Qb3 Nc5 25. Nxc5 Kh8 26. Nxb7 Qxb7 27. d6 Qd7 28.
Bxa8 h5 29. Qb4 Kh7 30. Rac1 1-0

[Event "Challenge"]
[Site "http://www.queenalice.com/game.php?id=1610397"]
[Date "2020.5.2"]
[Round "-"]
[White "MADMIKE"]
[Black "Champignac"]
[Result "1-0"]
[WhiteElo "1854"]
[BlackElo "1860"]

1. d4 d5 2. Nc3 e6 3. a3 Nf6 4. Bf4 c6 5. Nf3 Be7 6. e3 O-O 7. Bd3 h6 8. O-O a6
9. h3 Nh7 10. Bxh7+ Kxh7 11. e4 g5 12. Be3 Rg8 13. Ne5 f6 14. Nf7 Qf8 15. Qh5
Rg6 16. f4 Qxf7 17. fxg5 Qg7 18. h4 fxg5 19. hxg5 Bxg5 20. Bxg5 Rxg5 21. Qf3 Nd7
22. e5 Rf5 23. Qd3 b5 24. Rxf5 exf5 25. Qxf5+ Kh8 26. Re1 Nc5 27. Qf3 Ne6 28.
Qf2 Bd7 29. Ne2 Rf8 30. Qe3 Rg8 31. Qf3 Ng5 32. Qg3 Nh3+ 33. Kh2 Qf7 34. Qe3 Qh5
35. gxh3 Bf5 36. Rg1 Bxh3 37. Rxg8+ Kxg8 38. Qxh3 Qxe2+ 39. Qg2+ Qxg2+ 40. Kxg2
Kf7 41. Kg3 Kg6 42. Kh4 a5 43. c3 1-0

[Event "Challenge"]
[Site "http://www.queenalice.com/game.php?id=1610398"]
[Date "2020.5.2"]
[Round "-"]
[White "Champignac"]
[Black "MADMIKE"]
[Result "1-0"]
[WhiteElo "1837"]
[BlackElo "1870"]

1. Nf3 d5 2. e3 a6 3. d4 Nc6 4. Bd3 Nf6 5. O-O e6 6. a3 Be7 7. Nc3 O-O 8. Bd2 h6
9. e4 dxe4 10. Nxe4 Nxe4 11. Bxe4 Bf6 12. c3 Bd7 13. Qc1 Na5 14. Bxh6 g6 15. Qf4
e5 16. Nxe5 Bg7 17. Rae1 Bb5 18. Bxg7 Kxg7 19. Ng4 Rh8 20. Qe5+ f6 21. Nxf6 Qxf6
22. Qxc7+ Kh6 23. Qxa5 Bxf1 24. Rxf1 Rhe8 25. Bxb7 Ra7 26. Qa4 Rb8 27. Bf3 Rxb2
28. Qd1 Rh7 29. Qc1+ Kg7 30. Qxb2 Qh4 31. Qb8 g5 32. Qg3 Qh6 33. h3 Qf6 34. Re1
a5 35. Qc7+ Kh6 36. Qxa5 Rf7 37. Qd5 Kg7 38. Re6 Qf4 39. Re4 Qc1+ 40. Kh2 Qxc3
41. Qxg5+ Kf8 42. Qh6+ Kg8 43. Re8+ 1-0